NBA 60 Points in a Game - Statistics

General Stats
  • This quiz has been taken 35 times
  • The average score is 19 of 34
Answer Stats
Times Best Answer % Correct
6 81 Kobe Bryant
97%
32 100 Wilt Chamberlain
94%
1 61 LeBron James
91%
5 69 Michael Jordan
91%
1 62 Stephen Curry
88%
5 71 Damian Lillard
79%
4 61 James Harden
76%
1 60 Luka Dončić
76%
1 63 Jerry West
74%
1 61 Shaquille O'Neal
74%
1 60 Allen Iverson
71%
1 70 Devin Booker
68%
1 71 Donovan Mitchell
62%
1 60 Klay Thompson
62%
1 60 Larry Bird
62%
1 73 David Thompson
59%
1 61 Karl Malone
59%
1 60 Kyrie Irving
59%
1 71 David Robinson
56%
4 71 Elgin Baylor
56%
1 60 Karl-Anthony Towns
53%
1 62 Carmelo Anthony
50%
1 60 Jayson Tatum
44%
1 62 Tracy McGrady
44%
1 68 Pete Maravich
38%
1 61 George Mikan
35%
1 64 Rick Barry
35%
1 60 Bernard King
29%
1 60 Bradley Beal
29%
1 63 George Gervin
29%
1 60 Kemba Walker
29%
1 60 Gilbert Arenas
26%
1 60 Tom Chambers
24%
1 63 Joe Fulks
18%
No matching quizzes found
Score Distribution
Percent of People with Each Score
Percentile by Number Answered
Your Score History
You have not taken this quiz